000 00299nam a2200133 i 4500
001 bg
245 0 _aConcise Oxford companion to English literature.
260 _aOxford,
_c1990.
040 _cBPK
041 _apol
080 _a820(03)
942 _cKS
008 s pl f |000 0 pol
999 _c4429
_d4429
856 _uhttp://koha.tu.koszalin.pl/cgi-bin/koha/opac-detail.pl?biblionumber=4429
_yKatalog online BPK